000
00521nam a2200169Ia 4500
008
090123s9999 xx 000 0 und d
082
_b
5811
100
_a
कणेकर शिरिष मधुकर
245
_a
क्रिकेटवेध
250
_a
1
300
_a
207
600
_a
कणेकर शिरिष मधुकर
630
_a
क्रिकेटवेध
700
_a
कणेकर शिरिष मधुकर
730
_a
क्रिकेटवेध
942
_c
BOOK
999
_c
43875
_d
43875